Tennis - Vainqueurs Tournois du Grand Chelem (Depuis 2008) - Statistiques

Statistiques générales
  • Ce quiz a été pris 242 fois
    240 depuis la dernière actualisation
  • Le résultat moyen est 64 sur 66
Statistiques - réponses
Année Tournoi Vainqueur % Correct
2008 Open d'Australie Novak Djokovic
100%
2011 Open d'Australie Novak Djokovic
100%
2011 Wimbledon Novak Djokovic
100%
2011 US Open Novak Djokovic
100%
2012 Open d'Australie Novak Djokovic
100%
2013 Open d'Australie Novak Djokovic
100%
2014 Wimbledon Novak Djokovic
100%
2015 Open d'Australie Novak Djokovic
100%
2015 Wimbledon Novak Djokovic
100%
2015 US Open Novak Djokovic
100%
2016 Open d'Australie Novak Djokovic
100%
2016 Roland-Garros Novak Djokovic
100%
2018 Wimbledon Novak Djokovic
100%
2018 US Open Novak Djokovic
100%
2019 Open d'Australie Novak Djokovic
100%
2019 Wimbledon Novak Djokovic
100%
2020 Open d'Australie Novak Djokovic
100%
2021 Open d'Australie Novak Djokovic
100%
2021 Roland-Garros Novak Djokovic
100%
2021 Wimbledon Novak Djokovic
100%
2022 Wimbledon Novak Djokovic
100%
2023 Open d'Australie Novak Djokovic
100%
2023 Roland-Garros Novak Djokovic
100%
2023 US Open Novak Djokovic
100%
2008 Roland-Garros Rafael Nadal
100%
2008 Wimbledon Rafael Nadal
100%
2009 Open d'Australie Rafael Nadal
100%
2010 Roland-Garros Rafael Nadal
100%
2010 Wimbledon Rafael Nadal
100%
2010 US Open Rafael Nadal
100%
2011 Roland-Garros Rafael Nadal
100%
2012 Roland-Garros Rafael Nadal
100%
2013 Roland-Garros Rafael Nadal
100%
2013 US Open Rafael Nadal
100%
2014 Roland-Garros Rafael Nadal
100%
2017 Roland-Garros Rafael Nadal
100%
2017 US Open Rafael Nadal
100%
2018 Roland-Garros Rafael Nadal
100%
2019 US Open Rafael Nadal
100%
2020 Roland-Garros Rafael Nadal
100%
2022 Open d'Australie Rafael Nadal
100%
2022 Roland-Garros Rafael Nadal
100%
2008 US Open Roger Federer
100%
2009 Roland-Garros Roger Federer
100%
2009 Wimbledon Roger Federer
100%
2010 Open d'Australie Roger Federer
100%
2012 Wimbledon Roger Federer
100%
2017 Open d'Australie Roger Federer
100%
2017 Wimbledon Roger Federer
100%
2018 Open d'Australie Roger Federer
100%
2019 Roland-Garros Rafael Nadal
99%
2022 US Open Carlos Alcaraz
98%
2023 Wimbledon Carlos Alcaraz
98%
2024 Roland-Garros Carlos Alcaraz
98%
2024 Wimbledon Carlos Alcaraz
98%
2014 Open d'Australie Stanislas Wawrinka
93%
2015 Roland-Garros Stanislas Wawrinka
93%
2016 US Open Stanislas Wawrinka
93%
2012 US Open Andy Murray
92%
2013 Wimbledon Andy Murray
92%
2016 Wimbledon Andy Murray
92%
2024 Open d'Australie Jannik Sinner
92%
2021 US Open Daniil Medvedev
86%
2020 US Open Dominic Thiem
78%
2009 US Open Juan Martin Del Potro
74%
2014 US Open Marin Cilic
67%
Aucun quiz correspondant
Distribution des résultats
% des personnes avec chaque résultat
Percentile par nombre de réponses
Votre historique - résultats
Vous n’avez pas pris ce quiz depuis la dernière actualisation